Обучение письменной речи. Ч. 2 (Запись № 6010980)

Подробности
000 -МАРКЕР
контрольное поле 01236nam2a22002291 4500
001 - ИДЕНТИФИКАТОР ЗАПИСИ
контрольное поле rc\2362718
005 - ИДЕНТИФИКАТОР ВЕРСИИ
контрольное поле 20250622235012.0
035 ## - ДРУГИЕ СИСТЕМНЫЕ НОМЕРА
Идентификатор записи (NLR Aleph) 006478712
100 ## - ДАННЫЕ ОБЩЕЙ ОБРАБОТКИ
Данные общей обработки 20110829d1977 |||y0rusy50 ca
101 0# - ЯЗЫК РЕСУРСА
Язык текста, звукозаписи и т.д. русский
102 ## - СТРАНА ПУБЛИКАЦИИ ИЛИ ПРОИЗВОДСТВА
Страна публикации Российская Федерация
105 ## - ПОЛЕ КОДИРОВАННЫХ ДАННЫХ: ТЕКСТОВЫЕ МАТЕРИАЛЫ, МОНОГРАФИЧЕСКИЕ
Кодированные данные о монографическом текстовом документе y z |||||
200 0# - ЗАГЛАВИЕ И СВЕДЕНИЯ ОБ ОТВЕТСТВЕННОСТИ
Основное заглавие Ч. 2
210 ## - ПУБЛИКАЦИЯ, РАСПРОСТРАНЕНИЕ И ДР.
Дата издания, распространения и т.д. 1977
Место издания, распространения и т.д. Б. м.
215 ## - ФИЗИЧЕСКАЯ ХАРАКТЕРИСТИКА
Специфическое обозначение материала и объем 53 с.
461 #0 - УРОВЕНЬ НАБОРА
Встроенное поле 001rc\2362716
-- 2001#$aОбучение письменной речи$eМетод. разраб. по курсу "Практ. курс англ. яз."$eДля преп. фак. англ. яз.$e(На англ. яз.)$eЧ. 1-$fМ-во высш. и сред. спец. образования БССР. Мин. гос. пед. ин-т иностр. яз.$vЧ. 2
Системный номер (АБИС) связанной записи 6010962
Место публикации Минск
Дата публикации 1977
Первые сведения об ответственности М-во высш. и сред. спец. образования БССР. Мин. гос. пед. ин-т иностр. яз.
Имя издателя, распространителя и т.д. Б. и.
Сведения, относящиеся к заглавию Метод. разраб. по курсу "Практ. курс англ. яз." : Для преп. фак. англ. яз. : (На англ. яз.) : Ч. 1-
Заглавие Обучение письменной речи
Номер тома Ч. 2
801 #0 - ИСТОЧНИК ЗАПИСИ
Страна Российская Федерация
Организация NLR
Правила каталогизации psbo
801 #1 - ИСТОЧНИК ЗАПИСИ
Страна Российская Федерация
Организация ELAR
Источник данных rusmarc
852 ## - МЕСТОНАХОЖДЕНИЕ И ШИФР ХРАНЕНИЯ
Идентификатор организации NLR
Шифр хранения (Call Number) 78-4/8576
942 ## - ДОПОЛНИТЕЛЬНЫЕ ЭЛЕМЕНТЫ ЗАПИСИ (АБИС)
Тип экземпляра АБИС Книга
980 ## - КОЛЛЕКЦИЯ
Название коллекции Национальная библиография
Экземпляры
Тип экземпляра Дата поступления Библиотека постоянного хранения Библиотека текущего хранения Место хранения Шифр хранения Штрих-код Статус экземпляра
Книга 26.10.2013 РНБ (Московский) РНБ (Московский) Русский книжный фонд: издания с 1957 года 78-4/8576 6478712-10